লোডিং...

Appetite and food intake

গ্রন্থ-পঞ্জীর বিবরন
প্রধান লেখক: Silverstone, T
বিন্যাস: Printed Book
ভাষা:Undetermined
English
প্রকাশিত: Germany Dahlem Konferenzen 1976
বিষয়গুলি:
LEADER 00534nam a2200169Ia 4500
008 140306s9999 xx 000 0 und d
041 |a eng 
082 |a 640  |b SIL/AP 
100 |a Silverstone, T 
245 |a Appetite and food intake 
260 |a Germany  |b Dahlem Konferenzen  |c 1976 
300 |a 498 
365 |b UKP.15.00 
650 |a Homescience 
942 |2 ddc  |c BK 
999 |c 112522  |d 112522 
952 |0 0  |1 0  |2 ddc  |4 0  |6 640_000000000000000_SILAP  |7 0  |9 110295  |a KAUHCV  |b KAUHCV  |d 2004-04-06  |g 15.00  |o 640 SIL/AP  |p KAU_HCV-6786  |r 2014-03-22  |w 2014-03-22  |y BK